| 000 | 00584nam a22001937a 4500 | ||
|---|---|---|---|
| 003 | OSt | ||
| 005 | 20180116183032.0 | ||
| 008 | 151222b xxu||||| |||| 00| 0 eng d | ||
| 020 | _a05-255-88-1 | ||
| 024 | _205-255-88-1 | ||
| 040 | _cLahore LUMS | ||
| 082 | _a174.4 LUM 1988 | ||
| 100 | _aQureshi Z I, Turner A N | ||
| 245 |
_aPERSONNEL MANAGEMENT AT AMMAR TEXTILES (A) _cQureshi Z I, Turner A N |
||
| 260 |
_aLahore LUMS _b Lahore University of Management Sciences _c1988 |
||
| 300 |
_a10 p. _bPapers |
||
| 440 | _aPERSONNEL MANAGEMENT AT AMMAR TEXTILES (A) | ||
| 942 |
_2ddc _cCS |
||
| 999 |
_c351052 _d351052 |
||